00644nam a2200193Ia 4500952014100000999001700141003000400158005001700162008004100179020001800220040000900238082001800247100002400265245004400289260004800333300000900381650001800390942004200408 00102ddc40708PHILOSOPHYaMESbMEScPHILOSOPHYd2019-02-20g195.00l0o111.85 BUR/Pp33473r2019-02-20 00:00:00w2019-02-20yBKzU3R2 c14383d14383OSt20201020110020.0190216s9999||||xx |||||||||||||| ||und|| a9780199537884 coclc a111.85bBUR/P aBurke, Edmund95960 2aA Philosophical Enquiry /cEdmund Burke bOxford University Press ,aNew York:c2008. a173p aEnglish Essay cBK2ddch111.85iBUR/Pk111.85mBUR/P